La nacionalidad catalana / (Record no. 120864)

MARC details
000 -LEADER
campo de control de longitud fija 00701nam a2200205 i 4500
001 - NÚMERO DE CONTROL
campo de control 120864
003 - IDENTIFICADOR DE NÚMERO DE CONTROL
campo de control ES-MaACL
005 - FECHA Y HORA DE LA ÚLTIMA TRANSACCIÓN
campo de control 20250912063049.0
007 - CAMPO FIJO DE DESCRIPCIÓN FÍSICA--INFORMACIÓN GENERAL
campo de control de longitud fija t|
008 - DATOS DE LONGITUD FIJA--INFORMACIÓN GENERAL
campo de control de longitud fija 070214s1917 sp r ||||1| spa d
100 1# - ENTRADA PRINCIPAL--NOMBRE DE PERSONA
Nombre de persona Prat de la Riba, Enric,
Fechas asociadas al nombre 1870-1917
9 (RLIN) 93674
245 13 - MENCIÓN DEL TÍTULO
Título La nacionalidad catalana /
Mención de responsabilidad, etc. Enrique Prat de la Riba ; traducción y prólogo de Antonio Royo Villanova.
260 ## - PUBLICACIÓN, DISTRIBUCIÓN, ETC.
Lugar de publicación, distribución, etc. Valladolid :
Nombre del editor, distribuidor, etc. [s. n.],
Fecha de publicación, distribución, etc. 1917 (
Fabricante Imp. Castellana)
300 ## - DESCRIPCIÓN FÍSICA
Extensión XXXIX, 143 p. ;
Dimensiones 19 x 12 cm.
650 #4 - PUNTO DE ACCESO ADICIONAL DE MATERIA--TÉRMINO DE MATERIA
Término de materia o nombre geográfico como elemento de entrada Nacionalismo-
Subdivisión general Cataluña.
9 (RLIN) 15442
700 1# - ENTRADA AGREGADA--NOMBRE PERSONAL
Nombre de persona Royo Villanova, Antonio,
Fechas asociadas al nombre 1869-1958
9 (RLIN) 100235
852 ## - LOCALIZACIÓN
Ubicación ES-MaACL
Número de control de estantería F-3212
852 ## - LOCALIZACIÓN
Ubicación ES-MaACL
Número de control de estantería D-3161
Holdings
Estatus retirado Estado de pérdida Estado de daño No para préstamo Biblioteca de origen Biblioteca actual Ubicación en estantería Fecha de adquisición Fuente de adquisición Total de préstamos Signatura topográfica completa Código de barras Visto por última vez Precio de reemplazo Tipo de ítem Koha
        Biblioteca del Ateneo de Madrid Biblioteca del Ateneo de Madrid Sala Valle Inclán 17/01/2008     D-3161 901125973 23/02/2023 23/02/2023 Libro impreso
        Biblioteca del Ateneo de Madrid Biblioteca del Ateneo de Madrid Depósito 2 17/01/2008     F-3212 1125972 23/02/2023 23/02/2023 Libro impreso